Religion Quiz

Random Religion or Poem Quiz

Haiku Multiple Choice: Mythology Quiz Stats

 Plays Quiz Updated Aug 7, 2017

Challenge
Share
Tweet
Embed
Score 0/16 Timer 05:00
8 Plays Today
Question Answer Wrong Answers
On his broad shoulders
Rests all the Heavens and Earth,
Causing great back pain.
Atlas
94.1%
Zeus
3.6%
Poseidon
0.8%
Cronus
1.4%
The Gods think it's wise
To store evil in a box,
But I get the blame?
Pandora
91.6%
Agamemnon
0.8%
Oedipus
0.8%
Penelope
1.2%
The sun's gentle warmth
Once comforting, now dooms me.
I have flown too close.
Icarus
89.5%
Orpheus
2.1%
Perseus
3.2%
King Minos
1.3%
Like aging rock stars
He is not quite as awesome
When he cuts his hair.
Samson
87.3%
Achilles
2.6%
Jason
4.7%
Theseus
3.6%
Into Valhalla
We carry slain warriors.
They bleed on the rug.
Valkyries
80.7%
Ljósálfar
3.1%
Jötunn
2.6%
Huginn and Muninn
6.6%
Having a hard time
Overseeing grape harvests
When I'm so hammered.
Bacchus
79.4%
Apollo
3.5%
Minerva
5.1%
Diana
5.6%
Alone in the dark.
'Shouldn't have eaten my guests...'
The Minotaur weeps.
The Labyrinth
78.9%
The Underworld
4.7%
Tartarus
8.7%
The Cave of Zeus
2.4%
Maker of mummies,
A desert undertaker
With a jackal's head.
Anubis
78.3%
Tawaret
1.9%
Sekhmet
5%
Horus
10.1%
Twelve arduous tasks,
But what the heck's a girdle?
Think I'll skip that one.
Heracles
73.9%
Odysseus
9%
Aeneas
3%
Perseus
6.9%
Riddle unanswered?
The contestant is eaten.
I'd watch that game show!
Sphinx
70%
Manticore
10.3%
Cyclops
8.4%
Medusa
4.5%
The Hall of the Slain
Seems narrow with just one eye.
Poor depth perception.
Odin
68.2%
Thor
3.9%
Frigg
14.2%
Loki
10.9%
Twilight of the Gods,
The great wolf swallows the sun.
Who's got a flashlight?
Ragnarök
66.9%
Ginnungagap
4.8%
Bifröst
9.2%
Fimbulwinter
11.7%
Goddess of Wisdom
Born out of Jupiter's skull.
She's quite the headache.
Minerva
64.9%
Bellona
1.9%
Venus
10.9%
Juno
14.8%
Odysseus thought,
'Gonna need a bigger boat,'
Upon approaching it.
Charybdis
47%
Chimaera
13%
Lernaean Hydra
19.5%
Typhon
14.3%
My love, so flawless.
Some might call her statuesque.
Sweet Galatea.
Pygmalion
42.8%
Oedipus
9.8%
Hephaestus
15.9%
Narcissus
23.7%
An odd arrangement:
Three sisters sharing one eye.
Sounds inconvenient.
The Graeae
19.6%
The Muses
13.9%
The Sirens
39.2%
The Gorgons
19.5%

You're not logged in!

Compare scores with friends on all Sporcle quizzes.
OR
Log In

You Might Also Like...

Show Comments

Extras

Top Quizzes Today


Score Distribution

Your Account Isn't Verified!

In order to create a playlist on Sporcle, you need to verify the email address you used during registration. Go to your Sporcle Settings to finish the process.

Report this User

Report this user for behavior that violates our Community Guidelines.

Details: